[Event "XXXII C.to Italiano a squadre A1 Finali"]
[Site "Castel Lagopesole - Avigliano ITA"]
[Date "2000.05.13"]
[Round "1"]
[White "Arlandi, Ennio"]
[Black "Vezzosi, Paolo"]
[Result "0-1"]
[WhiteElo "2448"]
[BlackElo "2360"]
[PlyCount "70"]
[EventDate "2000.05.13"]

1. d4 Nf6 2. c4 e6 3. Nc3 Bb4 4. Qc2 O-O 5. a3 Bxc3+ 6. Qxc3 b6 7. Bg5 h6 8.
Bh4 Ba6 9. e3 d6 10. Bd3 Nbd7 11. Nf3 c5 12. b4 cxd4 13. exd4 Rc8 14. Qb3 Qc7
15. Nd2 d5 16. c5 Bxd3 17. Qxd3 bxc5 18. bxc5 Nxc5 19. Qb5 Nce4 20. Nxe4 Nxe4
21. O-O Qc2 22. Qa5 Nd2 23. Qxa7 Nxf1 24. Rxf1 Ra8 25. Qd7 Rfc8 26. Be7 Rc7 27.
Qd6 Rb8 28. h4 Rb1 29. Rxb1 Qxb1+ 30. Kh2 Rc1 31. Qf4 Rh1+ 32. Kg3 Qd3+ 33. Qe3
Qg6+ 34. Kf3 Rg1 35. Ke2 Qc2+ 0-1

[Event "XXXII C.to Italiano a squadre A1 Finali"]
[Site "Castel Lagopesole - Avigliano ITA"]
[Date "2000.05.13"]
[Round "1"]
[White "Auletta, Angelo"]
[Black "Ortega, Lexy"]
[Result "0-1"]
[WhiteElo "2256"]
[BlackElo "2479"]
[PlyCount "60"]
[EventDate "2000.05.13"]

1. e4 c5 2. Nf3 e6 3. d4 cxd4 4. Nxd4 a6 5. Nc3 b5 6. Bd3 Qb6 7. Nb3 Qc7 8. O-O
Bb7 9. f4 b4 10. Nb1 d6 11. c3 Nf6 12. Qe1 Nc6 13. Kh1 a5 14. Bd2 Be7 15. cxb4
axb4 16. Bxb4 Nxb4 17. Qxb4 d5 18. Qb5+ Bc6 19. Rc1 Bxb5 20. Bxb5+ Kd8 21. Rxc7
Kxc7 22. exd5 Nxd5 23. N1d2 Rhc8 24. Nc4 Bf6 25. g3 Nb6 26. Ne5 Bxe5 27. fxe5
Kd8 28. Rd1+ Ke7 29. Rd6 Nc4 30. Rd7+ Kf8 0-1

[Event "XXXII C.to Italiano a squadre A1 Finali"]
[Site "Castel Lagopesole - Avigliano ITA"]
[Date "2000.05.13"]
[Round "1"]
[White "Borgo, Giulio"]
[Black "Saccone, Fabio"]
[Result "1-0"]
[WhiteElo "2382"]
[BlackElo "2325"]
[PlyCount "108"]
[EventDate "2000.05.13"]

1. e4 c5 2. Nf3 d6 3. d4 cxd4 4. Nxd4 Nf6 5. f3 e6 6. c4 b6 7. Nc3 Bb7 8. Be3
a6 9. Be2 Nbd7 10. O-O Be7 11. Qd2 O-O 12. Rfc1 Re8 13. Bf1 Rc8 14. Rc2 Ne5 15.
Na4 Nfd7 16. Rac1 Qc7 17. b4 Qb8 18. Nb2 Bd8 19. Kh1 Bc7 20. Bg1 Qa8 21. Rc3
Nf6 22. Qe1 Qb8 23. Qd1 Nfd7 24. Qb3 Bd8 25. Be3 Bf6 26. R3c2 g6 27. Rd1 Rcd8
28. Rcd2 Be7 29. Na4 Ba8 30. h3 Rc8 31. Nb2 Nf6 32. Bf4 Nh5 33. Bh2 Bg5 34. Rc2
Bf4 35. Bxf4 Nxf4 36. Qe3 Nh5 37. f4 Nc6 38. Nxc6 Bxc6 39. b5 Bb7 40. Rcd2 Rcd8
41. bxa6 Bxa6 42. Be2 Ng7 43. Na4 f5 44. e5 dxe5 45. Qxe5 Qxe5 46. fxe5 Rxd2
47. Rxd2 f4 48. Nxb6 Nf5 49. Bf3 Ng3+ 50. Kg1 g5 51. Rd7 Rb8 52. c5 h5 53. a4
Be2 54. Kf2 Ba6 1-0

[Event "XXXII C.to Italiano a squadre A1 Finali"]
[Site "Castel Lagopesole - Avigliano ITA"]
[Date "2000.05.13"]
[Round "1"]
[White "Cocozza, Mario"]
[Black "Godena, Michele"]
[Result "1/2-1/2"]
[WhiteElo "2340"]
[BlackElo "2487"]
[PlyCount "56"]
[EventDate "2000.05.13"]

1. e4 e5 2. Nf3 Nc6 3. Bb5 a6 4. Ba4 Nf6 5. O-O b5 6. Bb3 Bc5 7. a4 Bb7 8. d3
O-O 9. Nc3 b4 10. Nd5 h6 11. c3 bxc3 12. bxc3 d6 13. a5 Rb8 14. Be3 Bxe3 15.
Nxf6+ Qxf6 16. fxe3 Ne7 17. Qe1 Ba8 18. Rb1 d5 19. d4 exd4 20. exd4 Qg6 21. Ne5
Qe6 22. exd5 Nxd5 23. Qg3 Rbd8 24. Rbe1 Qd6 25. Kh1 h5 26. Bc2 Qh6 27. Ba4 h4
28. Qf3 h3 1/2-1/2

[Event "XXXII C.to Italiano a squadre A1 Finali"]
[Site "Castel Lagopesole - Avigliano ITA"]
[Date "2000.05.13"]
[Round "1"]
[White "Delchev, Aleksander"]
[Black "Efimov, Igor"]
[Result "1-0"]
[WhiteElo "2560"]
[BlackElo "2537"]
[PlyCount "77"]
[EventDate "2000.05.13"]

1. c4 e5 2. g3 d6 3. Bg2 g6 4. Nc3 Bg7 5. d3 Ne7 6. e4 O-O 7. Nge2 Nbc6 8. O-O
Bd7 9. Nd5 Nxd5 10. cxd5 Nd4 11. Nxd4 exd4 12. Bf4 Qe7 13. Qb3 Rfb8 14. Qa3 a5
15. Rac1 Qd8 16. Rc2 Bf8 17. b3 Bb5 18. Rd1 c5 19. dxc6 bxc6 20. Qc1 a4 21. e5
axb3 22. axb3 d5 23. e6 Rb6 24. exf7+ Kxf7 25. Be5 Rba6 26. Bxd4 Qd7 27. Qg5
Qf5 28. Qh4 g5 29. Qh5+ Qg6 30. Bxd5+ cxd5 31. Qf3+ Ke8 32. Re1+ Be7 33. Rce2
R8a7 34. Bc5 Kd8 35. Bxe7+ Kc8 36. Qf8+ Qe8 37. Qxe8+ Bxe8 38. Bc5 Bh5 39. Re8+
1-0

[Event "XXXII C.to Italiano a squadre A1 Finali"]
[Site "Castel Lagopesole - Avigliano ITA"]
[Date "2000.05.13"]
[Round "1"]
[White "Djuric, Stefan"]
[Black "Tkachiev, Vladislav"]
[Result "1/2-1/2"]
[WhiteElo "2491"]
[BlackElo "2672"]
[PlyCount "85"]
[EventDate "2000.05.13"]

1. e4 c5 2. Nf3 e6 3. Nc3 a6 4. g3 b5 5. Bg2 Bb7 6. d3 d6 7. O-O Be7 8. Re1 Qc7
9. Bf4 Nd7 10. e5 Rc8 11. exd6 Bxd6 12. Bxd6 Qxd6 13. a4 b4 14. Ne4 Qc7 15.
Nfd2 Bxe4 16. dxe4 c4 17. Qe2 Ne7 18. Rad1 a5 19. e5 Nb6 20. Ne4 O-O 21. Nd6
Rcd8 22. Rd4 Rd7 23. Red1 Rfd8 24. Be4 Nec8 25. c3 bxc3 26. bxc3 g6 27. Nb7 Rf8
28. h4 Nd5 29. Bxd5 Rxd5 30. Nd6 Nxd6 31. exd6 Qxd6 32. Qxc4 Qc5 33. Qb3 Rxd4
34. cxd4 Qc7 35. d5 exd5 36. Rxd5 Rd8 37. h5 Rxd5 38. Qxd5 gxh5 39. Qg5+ Kf8
40. Qxh5 Kg7 41. Qg5+ Kf8 42. Qh6+ Kg8 43. Qg5+ 1/2-1/2

[Event "XXXII C.to Italiano a squadre A1 Finali"]
[Site "Castel Lagopesole - Avigliano ITA"]
[Date "2000.05.13"]
[Round "1"]
[White "Huebner, Robert"]
[Black "Vallifuoco, Giacomo"]
[Result "1/2-1/2"]
[WhiteElo "2620"]
[BlackElo "2366"]
[PlyCount "132"]
[EventDate "2000.05.13"]

1. e4 c5 2. Nf3 d6 3. d4 cxd4 4. Nxd4 Nf6 5. Nc3 e6 6. Be3 a6 7. Qd2 b5 8. f3
Bb7 9. g4 h6 10. h4 Nbd7 11. O-O-O b4 12. Nce2 d5 13. exd5 Nxd5 14. Nf4 Nxe3
15. Qxe3 Qb6 16. Nd3 O-O-O 17. Rh2 Bd6 18. Re2 Nf6 19. Nb3 Qxe3+ 20. Rxe3 Nd5
21. Ree1 Bg3 22. Re4 Nc7 23. Re3 Nd5 24. Re4 Nc7 25. Rxb4 Bxf3 26. Rd2 Bxh4 27.
Ne5 Bd5 28. c4 Ba8 29. Re2 Rhf8 30. Bg2 Be7 31. Ra4 Bxg2 32. Rxg2 Bf6 33. Nc6
Rd6 34. Nb4 Rfd8 35. Kc2 Bg5 36. Rf2 f5 37. gxf5 exf5 38. Rxf5 Re6 39. Rf2 Rde8
40. Nc5 Re2+ 41. Rxe2 Rxe2+ 42. Kb3 Bf6 43. Ncd3 Rd2 44. Ra5 g6 45. Ne5 g5 46.
Ka3 h5 47. Nf3 Rg2 48. Rf5 Bxb2+ 49. Kb3 Ne6 50. Nd3 Nd4+ 51. Nxd4 Bxd4 52. c5
Rg4 53. Rf7 h4 54. Rh7 Re4 55. c6 Bf6 56. Nb4 Rd4 57. Ra7 Rxb4+ 58. Kxb4 h3 59.
Kc5 Be5 60. Rh7 g4 61. Kd5 Bh2 62. Kc5 g3 63. Rh8+ Kc7 64. Rh7+ Kc8 65. Rh8+
Kc7 66. Rh7+ Kc8 1/2-1/2

[Event "XXXII C.to Italiano a squadre A1 Finali"]
[Site "Castel Lagopesole - Avigliano ITA"]
[Date "2000.05.13"]
[Round "1"]
[White "Iotti, Pierluigi"]
[Black "Bellini, Fabio"]
[Result "1/2-1/2"]
[WhiteElo "2300"]
[BlackElo "2484"]
[PlyCount "88"]
[EventDate "2000.05.13"]

1. d4 g6 2. g3 Bg7 3. Bg2 Nf6 4. Nf3 O-O 5. O-O d6 6. b3 a5 7. Bb2 a4 8. c4 c6
9. b4 d5 10. Ne5 Nbd7 11. a3 Nxe5 12. dxe5 Ng4 13. cxd5 cxd5 14. Bxd5 Nxe5 15.
Ra2 Bh3 16. Re1 Qd7 17. Ba1 Ra6 18. Rd2 Rd6 19. Be4 Rxd2 20. Qxd2 b5 21. Qxd7
Bxd7 22. Rd1 Be6 23. Nc3 Bb3 24. Re1 Bc4 25. Nd5 Bxd5 26. Bxd5 Rd8 27. Bxe5
Rxd5 28. Bxg7 Kxg7 29. Rc1 Rd2 30. Kf1 Ra2 31. Rc3 Kf6 32. f3 h5 33. h4 e6 34.
Kf2 Ke5 35. Ke3 f6 36. f4+ Kd6 37. Rd3+ Kc6 38. Rc3+ Kd6 39. Rd3+ Kc6 40. Rc3+
Kb7 41. Kd3 Kb6 42. Ke3 Ra1 43. Kd4 Rd1+ 44. Rd3 Rc1 1/2-1/2

[Event "XXXII C.to Italiano a squadre A1 Finali"]
[Site "Castel Lagopesole - Avigliano ITA"]
[Date "2000.05.14"]
[Round "2"]
[White "Bellini, Fabio"]
[Black "Auletta, Angelo"]
[Result "1-0"]
[WhiteElo "2484"]
[BlackElo "2256"]
[PlyCount "57"]
[EventDate "2000.05.13"]

1. e4 c5 2. Nf3 e6 3. g3 Nc6 4. Bg2 d6 5. O-O Nf6 6. d3 Be7 7. Nbd2 Rb8 8. c3
O-O 9. Re1 Qc7 10. a3 b5 11. d4 cxd4 12. cxd4 Bb7 13. b3 Rfd8 14. Bb2 Qb6 15.
Rc1 Rbc8 16. Qe2 d5 17. e5 Ne4 18. Nxe4 dxe4 19. Qxe4 b4 20. a4 Na5 21. Qe3 Rc3
22. Bxc3 bxc3 23. Rxc3 Bb4 24. Rec1 Bxc3 25. Rxc3 h6 26. Rc5 Bxf3 27. Bxf3 a6
28. d5 Nxb3 29. Rc8 1-0

[Event "XXXII C.to Italiano a squadre A1 Finali"]
[Site "Castel Lagopesole - Avigliano ITA"]
[Date "2000.05.14"]
[Round "2"]
[White "Borgo, Giulio"]
[Black "Iotti, Pierluigi"]
[Result "1/2-1/2"]
[WhiteElo "2382"]
[BlackElo "2300"]
[PlyCount "55"]
[EventDate "2000.05.13"]

1. Nf3 Nf6 2. c4 e6 3. Nc3 d5 4. d4 Be7 5. Bg5 h6 6. Bh4 O-O 7. e3 b6 8. Bxf6
Bxf6 9. cxd5 exd5 10. b4 c5 11. bxc5 bxc5 12. Rc1 Qa5 13. Be2 Nc6 14. O-O cxd4
15. exd4 Be6 16. Na4 Ne7 17. Rc5 Qb4 18. Rb5 Qa3 19. Nc5 Bf5 20. Qd2 Rfb8 21.
Rb3 Rxb3 22. axb3 a5 23. Re1 Qb4 24. Qxb4 axb4 25. Bd3 Bxd3 26. Nxd3 Ra3 27.
Nxb4 Rxb3 28. Nc2 1/2-1/2

[Event "XXXII C.to Italiano a squadre A1 Finali"]
[Site "Castel Lagopesole - Avigliano ITA"]
[Date "2000.05.14"]
[Round "2"]
[White "Saccone, Fabio"]
[Black "Arlandi, Ennio"]
[Result "1/2-1/2"]
[WhiteElo "2325"]
[BlackElo "2448"]
[PlyCount "50"]
[EventDate "2000.05.13"]

1. e4 c5 2. c4 d6 3. Nc3 Nc6 4. Nge2 Nd4 5. d3 g6 6. Nxd4 cxd4 7. Ne2 Bg7 8. g3
e5 9. Bg2 Ne7 10. O-O O-O 11. Bd2 f5 12. exf5 Bxf5 13. Bg5 h6 14. Bxe7 Qxe7 15.
Nc1 h5 16. Nb3 Rab8 17. a4 Bh6 18. Qe2 Qf6 19. h3 h4 20. g4 Bd7 21. Na5 Bc8 22.
b4 Qg5 23. Ra2 Rf4 24. Kh1 Kh7 25. Be4 b6 1/2-1/2

[Event "XXXII C.to Italiano a squadre A1 Finali"]
[Site "Castel Lagopesole - Avigliano ITA"]
[Date "2000.05.14"]
[Round "2"]
[White "Tkachiev, Vladislav"]
[Black "Huebner, Robert"]
[Result "1-0"]
[WhiteElo "2672"]
[BlackElo "2620"]
[PlyCount "83"]
[EventDate "2000.05.13"]

1. d4 d5 2. c4 c6 3. Nc3 Nf6 4. b3 a6 5. Bb2 b5 6. e3 Bg4 7. Nge2 Nbd7 8. Qc2
Bh5 9. Nf4 Bg6 10. Nxg6 hxg6 11. Be2 e6 12. g3 Be7 13. Rd1 Qb8 14. Ba1 O-O 15.
Bf3 Re8 16. h4 Nb6 17. c5 Nbd7 18. Ne2 e5 19. dxe5 Nxe5 20. Bxe5 Qxe5 21. Nd4
Rec8 22. b4 a5 23. a3 axb4 24. axb4 Ra4 25. Rb1 Qc7 26. Kf1 Rca8 27. Kg2 Ra2
28. Rb2 Rxb2 29. Qxb2 Nd7 30. h5 gxh5 31. Rxh5 Nf6 32. Rh1 Qd7 33. Ra1 Qb7 34.
Rxa8+ Qxa8 35. Nf5 Bf8 36. Qe5 Qc8 37. Nd4 Nd7 38. Bg4 Nxe5 39. Bxc8 g5 40. Bb7
Bg7 41. Bxc6 Nd3 42. Nc2 1-0

[Event "XXXII C.to Italiano a squadre A1 Finali"]
[Site "Castel Lagopesole - Avigliano ITA"]
[Date "2000.05.14"]
[Round "2"]
[White "Vallifuoco, Giacomo"]
[Black "Djuric, Stefan"]
[Result "1/2-1/2"]
[WhiteElo "2366"]
[BlackElo "2491"]
[PlyCount "33"]
[EventDate "2000.05.13"]

1. d4 Nf6 2. c4 c5 3. d5 g6 4. Nc3 Bg7 5. e4 d6 6. f3 O-O 7. Nge2 e6 8. Bg5
exd5 9. cxd5 Qa5 10. a4 Na6 11. Ng3 h6 12. Be3 h5 13. Be2 Nd7 14. O-O h4 15.
Nh1 h3 16. g4 Nb4 17. Nf2 1/2-1/2

[Event "XXXII C.to Italiano a squadre A1 Finali"]
[Site "Castel Lagopesole - Avigliano ITA"]
[Date "2000.05.14"]
[Round "2"]
[White "Vezzosi, Paolo"]
[Black "Stangl, Markus"]
[Result "0-1"]
[WhiteElo "2360"]
[BlackElo "2488"]
[PlyCount "134"]
[EventDate "2000.05.13"]

1. c4 Nf6 2. Nf3 c5 3. g3 b6 4. Bg2 Bb7 5. O-O e6 6. Nc3 a6 7. b3 Be7 8. e3 O-O
9. d4 cxd4 10. Nxd4 Qc7 11. Bb2 d6 12. Bxb7 Qxb7 13. Qf3 Qxf3 14. Nxf3 Nbd7 15.
Rfd1 Rfc8 16. Kf1 Rab8 17. Nd4 g6 18. Rac1 Rc5 19. Ba3 Rc7 20. Nde2 Nc5 21. b4
Nce4 22. b5 Ra8 23. bxa6 Rxa6 24. Nb5 Rc6 25. f3 Nc5 26. Nec3 Ne8 27. Rd2 Nb7
28. Nb1 Ra4 29. Rdc2 Na5 30. Nd2 Nc7 31. Rc3 Bf6 32. Nd4 Bxd4 33. exd4 b5 34.
d5 exd5 35. cxd5 Rxc3 36. Rxc3 Nc4 37. Nxc4 bxc4 38. Re3 Nxd5 39. Re8+ Kg7 40.
Bxd6 Rxa2 41. Bf8+ Kf6 42. h4 Nc7 43. Rc8 Ne6 44. Bb4 Rc2 45. Ke1 Kf5 46. Kd1
Rf2 47. Rxc4 Rxf3 48. g4+ Ke5 49. Be1 Kd5 50. Rc8 Rd3+ 51. Kc1 Re3 52. Kd2 Re5
53. Bg3 Re4 54. g5 Rg4 55. Bf2 Ke4 56. Rc3 Kf5 57. Ke3 Nd4 58. Rc8 Rf4 59. Rc4
Ne6 60. Rc1 Ra4 61. Kf3 Ra3+ 62. Be3 Nd4+ 63. Kf2 Ra2+ 64. Kf1 Nc2 65. Ke2 Ke4
66. Bd2 Nd4+ 67. Ke1 Rxd2 0-1